Posúdenie reálnosti ocenenia vybraných zložiek majetku a záväzkov v účtovnej závierke vybranej účtovnej jednotky diplomová práca

Guardado en:
Detalles Bibliográficos
Autor principal: Suja, Pavol
Autor Corporativo: Fakulta hospodárskej informatiky EU. Katedra účtovníctva a audítorstva
Otros Autores: Kadlečíková, Oľga, 1973-
Formato: Libro
Lenguaje:eslovaco
Publicado: Bratislava 2025
Etiquetas: Agregar Etiqueta
Sin Etiquetas, Sea el primero en etiquetar este registro!

MARC

LEADER 00000nbm a2200000 4500
001 0314811
005 20260210121422.8
041 0 |a slo 
044 |a SK 
245 1 0 |a Posúdenie reálnosti ocenenia vybraných zložiek majetku a záväzkov v účtovnej závierke vybranej účtovnej jednotky  |b diplomová práca  |c Pavol Suja ; školiteľ: Oľga Kadlečíková 
264 1 |a Bratislava  |c 2025 
300 |a 52 s. 
100 1 |a Suja, Pavol 
700 1 |a Kadlečíková, Oľga, 1973- 
710 2 |a Fakulta hospodárskej informatiky EU. Katedra účtovníctva a audítorstva